00634nam a2200181Ia 4500008004100000020001500041041001200056082001600068100002000084245007200104260003500176300000800211650001200219700001700231942000700248999001500255952018200270221030s9999 xx 000 0 und d a8121920922 aEnglish a105.23bBha aP. S. R. Bhatia 0aProfessional Communication Skillscby P. S. R. Bhatia, A. M. Sheikh bS.Chand & Co.aNew Delhic2001 a177 aEnglish aA. M. Sheikh cBK c3164d3164 pBE 5058g65.00l1o105.23 Bhar2025-03-17 00:00:00s2025-03-10w2022-10-30yBK003Print4070aMIETLIBbMIETLIBcBL-Academic Block A, FL-1, CUP-21, SH-3, R-3d2002-05-2210HBE